Traité d'anatomie comparée et de zoologie / (Record no. 157017)

MARC details
000 -LEADER
campo de control de longitud fija 01098nam a22002295i 4500
001 - NÚMERO DE CONTROL
campo de control 157017
003 - IDENTIFICADOR DE NÚMERO DE CONTROL
campo de control ES-MaACL
005 - FECHA Y HORA DE LA ÚLTIMA TRANSACCIÓN
campo de control 20250814033437.0
008 - DATOS DE LONGITUD FIJA--INFORMACIÓN GENERAL
campo de control de longitud fija 040806m18911898fr a |||| | fre d
040 ## - FUENTE DE CATALOGACIÓN
Centro catalogador/agencia de origen CAM
Lengua de catalogación spa
Centro/agencia transcriptor CAM
100 1# - ENTRADA PRINCIPAL--NOMBRE DE PERSONA
Nombre de persona Lang, Arnold.
9 (RLIN) 128662
245 10 - MENCIÓN DEL TÍTULO
Título Traité d'anatomie comparée et de zoologie /
Mención de responsabilidad, etc. par Arnold Lang; traduit de l'allemand par G. Curtel.
260 ## - PUBLICACIÓN, DISTRIBUCIÓN, ETC.
Lugar de publicación, distribución, etc. Paris :
Nombre del editor, distribuidor, etc. Georges Carré et C. Naud éditeurs,
Fecha de publicación, distribución, etc. [1891]-1898.
300 ## - DESCRIPCIÓN FÍSICA
Extensión 2 v. :
Otras características físicas il. ;
Dimensiones 25 cm.
505 8# - NOTA DE CONTENIDO CON FORMATO
Nota de contenido con formato Contiene: T.I, Protozoaires, Zoophytes, Vers, Arthropodes (635 p.) - T.II, Mollusques, Echinodermes (577 p.)
596 ## - NOTA AL PIE DE IMPRENTA
NOTA AL PIE DE IMPRENTA El imp. del t.I es: Tours, imp. Deslis Frères y el del t.II: Chartres, Imprimerie Durand.
596 ## - NOTA AL PIE DE IMPRENTA
NOTA AL PIE DE IMPRENTA El t.I no tiene fecha del pie de imp., fecha tomada del catálogo de la BNF.
650 #7 - PUNTO DE ACCESO ADICIONAL DE MATERIA--TÉRMINO DE MATERIA
Término de materia o nombre geográfico como elemento de entrada Zoología
Fuente del encabezamiento o término embne
9 (RLIN) 17868
700 1# - ENTRADA AGREGADA--NOMBRE PERSONAL
Nombre de persona Curtel, Georges.
9 (RLIN) 126674
852 ## - LOCALIZACIÓN
Ubicación ES-MaACL
Número de control de estantería D-532-533
Nota libre -- Enc. editorial en tela
-- -- Sobre el pie de imp. del t.I hay una banderilla donde consta: Paris, Masson et c\pie\s éditeurs
Holdings
Estatus retirado Estado de pérdida Estado de daño No para préstamo Colección Biblioteca de origen Biblioteca actual Ubicación en estantería Fecha de adquisición Fuente de adquisición Total de préstamos Signatura topográfica completa Código de barras Visto por última vez Precio de reemplazo Tipo de ítem Koha
        Libros del s. XIX Biblioteca del Ateneo de Madrid Biblioteca del Ateneo de Madrid Sala Valle Inclán 17/01/2008     D-532-533 901164284 23/02/2023 23/02/2023 Libro impreso antiguo